01403nam a2200145 a 4500008004100000020001800041100002400059245005900083250001100142260003800153300001100191500009900202505093800301655001801239130926s2007 ag ||||g |||| 00| 0aspa d a97898756629021 aFavaloro, René G. aDe La Pampa a los Estados Unidos /cRené G. Favaloro a2a ed. aBuenos Aires:bDeBolsillo;c2007. a189 p. aFavaloro, R. G. (2007). De la pampa a los Estados Unidos. (2a ed.). Buenos Aires : DeBolsillo. aLa vida de los hombres oculta razones, decisiones y matices que sólo los protagonistas de esas vidas conocen a fondo. El testimonio del doctor Favaloro permite a los lectores adentrarse en una vida apasionante, tanto por las convicciones que la alientan como por los abundantes episodios anecdóticos que ayudan a entenderla. La carrera profesional del médico argentino que viajó a Estados Unidos para perfeccionarse y logró convertirse en un cirujano eminente está aquí junto a las profundas reflexiones de un hombre cuyos múltiples intereses provocan curiosidad, admiración y respeto. Nada lo humano fue ajeno para quien eligió el oficio de mejorar la vida. El empeño vocacional a través del paso de los años, la especialización y sus vínculos con la vida cotidiana, las obligaciones y el exilio, la libertad y el arraigo son temas que De La Pampa a los Estados Unidos aborda con deslumbrante lucidez.  aAutobiografia